000
00324nam a2200133Ia 4500
005
20260328104343.0
008
260328s9999||||xx |||||||||||||| ||und||
100
_a
Cordero, Elisa
245
0
_a
Seminario de Color /
_c
Elisa Cordero
260
_b
Imprenta America
300
_a
111 p.
650
_a
ARQUITECTURA
942
_c
BK
999
_c
12200
_d
12200